El Siglo XX : ilustración popular semanal ilustración popular semanal
Descripción Física:
1 volum : il·lustracions, gravats, periodicitat setmanal ; 26 cm
Idioma:
Español
MARC
| LEADER | 00000nas a2200000 a 4500 | ||
|---|---|---|---|
| 001 | 14504 | ||
| 003 | Arxiu | ||
| 005 | 20260324175352.0 | ||
| 008 | 160829d189719uuspc||xn spa c | ||
| 040 | |a AGDB | ||
| 080 | |a Revistes | ||
| 245 | 0 | 3 | |a El Siglo XX : |b ilustración popular semanal |
| 246 | 3 | 3 | |a Siglo 20 |
| 260 | |a Barcelona : |b Siglo XX, |c 1897-19?? | ||
| 300 | |a 1 volum : |b il·lustracions, gravats, periodicitat setmanal ; |c 26 cm | ||
| 310 | |a Setmanal | ||
| 362 | |a Any VII, núm. 318 (8 de febrer de 1903)-Any VIII, núm. 378 (3 d'abril de 1904) | ||
| 500 | |a Descripció basada en: Any VII, núm. 318 (8 de febrer de 1903) | ||
| 500 | |a Periodicitat setmanal | ||
| 651 | 0 | |a Barcelona (Catalunya) |v Revistes |9 55309 | |
| 655 | 0 | |9 55823 |a Revistes | |
| 901 | |a Arxiu | ||
| 942 | |n 1 |2 udc |c REV | ||
| 952 | |0 0 |1 0 |4 0 |6 REV539 |7 1 |9 45184 |a Arxiu |b Arxiu |d 2016-12-01 |h Any VII, núm. 318 (8 de febrer de 1903) - Any VIII, núm. 378 (3 d'abril de 1904) |o Rev-539 |p 14504 |r 2016-12-01 00:00:00 |w 2016-12-01 |y ARXIU | ||
| 999 | |c 48255 |d 48255 | ||